Statistics for Campbell Quiz

Click here to take the quiz!

General Stats

  • This quiz has been taken 10 times
  • The average score is 10 of 14

Answer Stats

HintAnswer% Correct
Biggest NattySam Sulek
100%
Best drink?Chocolate Milk
86%
Best ArtistsDrake
86%
Who is the best at Rocket League?LemonadeFizzes (KAI)
86%
Is he getting busy. Or getting ____.RIZZY
86%
Best Impression?Austin Powers
71%
The best math?Campbell Math
71%
What is Chris' Last Name?Exactly.
71%
*Whisper*HEHEHEHE
71%
Is that Caleb?Mommy Milkers
71%
Is that Freddy Fazbear?OROROROROR
71%
Gaussian Elimination? More like:Campbellium Elimination
57%
Dam DanielDODODODO
57%
If your not black then what are you?Let me guess? You tried every racist thing you know.
0%

Score Distribution

Percentile by Number Answered

Percent of People with Each Score

Your Score History

You have not taken this quiz